Statistiche per Paesi più vicini alla Sicilia - Sprint di un minuto

Clicka qui per fare il quiz!

Statistiche generali

  • Questo quiz è stato fatto 12 volte
  • Il punteggio medio è 15 su 20

Statistiche sulle risposte

kmpaese% Corretto
214Algeria
100%
415Città del Vaticano
100%
366Grecia
100%
81Malta
100%
634San Marino
100%
71Tunisia
100%
394Albania
91%
463Francia
82%
506Montenegro
82%
738Spagna
82%
581Kosovo
73%
445Libia
73%
642Serbia
73%
530Bosnia ed
Erzegovina
64%
527Macedonia del Nord
64%
504Croazia
55%
760Monaco
55%
792Slovenia
55%
710Bulgaria
36%
852Ungheria
9%

Distribuzione punteggi

Percentile per numero di risposta

Percentuale di utenti per punteggio

I tuoi punteggi nel tempo

Non hai fatto questo quiz